[Event "BLR-ch 1st League"]
[Site "Minsk"]
[Date "2021.12.13"]
[Round "5"]
[White "Katashuk, V."]
[Black "Rudnev, Andrei"]
[Result "1-0"]
[WhiteElo "2124"]
[BlackElo "1767"]
[PlyCount "49"]
[EventDate "2021.12.09"]
[EventType "swiss"]
[EventRounds "9"]
[EventCountry "BLR"]
[SourceTitle "EXT 2023"]
[Source "ChessBase"]
[SourceDate "2022.10.05"]
[SourceVersion "1"]
[SourceVersionDate "2022.10.05"]
[SourceQuality "1"]

1. e4 d6 2. d4 Nf6 3. Nc3 e5 4. Nf3 Nbd7 5. g4 Nxg4 6. Rg1 Ngf6 7. Be3 c6 8. Qd2 Qe7 9. 0-0-0 a6 10. dxe5 Nxe5 11. Nxe5 dxe5 12. Bc5 Qc7 13. Bxf8 Rxf8 14. Rxg7 Bg4 15. Qg5 Qe7 16. Rd3 Bh5 17. Ne2 Bg6 18. Ng3 Ng8 19. f4 exf4 20. Qxf4 Rd8 21. Nf5 Qf6 22. Rxd8+ Qxd8 23. Nd6+ Ke7 24. Qe5+ Kd7 25. Bh3+ 1-0

[Event "Kaspersky op U16"]
[Site "Tornelo INT"]
[Date "2021.04.02"]
[Round "3"]
[White "Rudnev, Andrei"]
[Black "Dau, Khuong Duy"]
[Result "1-0"]
[WhiteElo "1606"]
[BlackElo "1706"]
[PlyCount "65"]
[EventDate "2021.04.02"]
[EventType "swiss (blitz)"]
[EventRounds "11"]
[EventCountry "RUS"]
[SourceTitle "CBM 201 Extra"]
[Source "ChessBase"]
[SourceDate "2021.05.31"]
[SourceVersion "1"]
[SourceVersionDate "2021.05.31"]
[SourceQuality "1"]

1. e4 c5 2. Nc3 d6 3. g3 Nf6 4. Bg2 g6 5. d3 Bg7 6. h3 0-0 7. Be3 Nc6 8. Qd2 Rb8 9. Bh6 b5 10. Bxg7 Kxg7 11. f4 b4 12. Nce2 Bd7 13. Nf3 a5 14. 0-0 a4 15. g4 Qb6 16. Kh1 b3 17. axb3 axb3 18. c3 Ra8 19. Ng3 Ra2 20. g5 Ng8 21. Rab1 Qc7 22. h4 e6 23. h5 Nge7 24. Nh2 Raa8 25. Ng4 e5 26. f5 gxf5 27. exf5 Nxf5 28. Nxf5+ Kh8 29. Nf6 Be6 30. Nh6 Rad8 31. c4 Nd4 32. Qe3 Qe7 33. Qe4 1-0

[Event "Kaspersky op U16"]
[Site "Tornelo INT"]
[Date "2021.04.02"]
[Round "7"]
[White "Rudnev, Andrei"]
[Black "Petrovskiy, Vadim"]
[Result "0-1"]
[WhiteElo "1606"]
[BlackElo "2150"]
[PlyCount "148"]
[EventDate "2021.04.02"]
[EventType "swiss (blitz)"]
[EventRounds "11"]
[EventCountry "RUS"]
[SourceTitle "CBM 201 Extra"]
[Source "ChessBase"]
[SourceDate "2021.05.31"]
[SourceVersion "1"]
[SourceVersionDate "2021.05.31"]
[SourceQuality "1"]

1. e4 c5 2. Nc3 Nc6 3. g3 g6 4. Bg2 Bg7 5. d3 d6 6. Be3 Nf6 7. h3 0-0 8. Qd2 b6 9. e5 dxe5 10. Bxc6 Rb8 11. Bg2 Re8 12. Nge2 e6 13. 0-0 Nd5 14. Bh6 Bh8 15. Rfe1 f5 16. Bg5 Qd7 17. Nxd5 exd5 18. c3 Qf7 19. d4 e4 20. Bf4 Rb7 21. Rad1 Rd7 22. Be3 Qf8 23. Qc2 Red8 24. c4 Ba6 25. cxd5 Bd3 26. Rxd3 exd3 27. Qxd3 cxd4 28. Nxd4 Qb4 29. Nc6 Qxe1+ 30. Kh2 Bf6 31. Nxd8 Rxd8 32. Qa6 Qa5 33. Qxa5 bxa5 34. b3 Rd7 35. Bf1 Kg7 36. Bc4 Bc3 37. Kg2 Kf6 38. Kf3 g5 39. Ke2 h6 40. Kd3 Be5 41. f4 Bb8 42. Bd4+ Kg6 43. Be5 Bd6 44. Bb5 Rd8 45. Bc6 Kf7 46. Kc4 Ke7 47. Kb5 gxf4 48. gxf4 Bxe5 49. fxe5 f4 50. Kxa5 f3 51. d6+ Ke6 52. Bxf3 Kxe5 53. Ka6 Rxd6+ 54. Kxa7 Rd2 55. a4 Rd3 56. Bg4 Rxb3 57. a5 Kd6 58. a6 Kc7 59. Bf5 h5 60. Be6 Ra3 61. Bf5 Kc6 62. Be6 Kc7 63. Bf5 Ra5 64. Be6 Rb5 65. Bf7 Re5 66. Bg6 h4 67. Bf7 Re3 68. Ka8 Rxh3 69. a7 Rf3 70. Be8 h3 71. Bd7 Kxd7 72. Kb8 Rb3+ 73. Ka8 Ra3 74. Kb8 Rxa7 0-1

[Event "Kaspersky op U16"]
[Site "Tornelo INT"]
[Date "2021.04.02"]
[Round "11"]
[White "Rudnev, Andrei"]
[Black "Prokofiev, Valentyn"]
[Result "0-1"]
[WhiteElo "1606"]
[BlackElo "2104"]
[PlyCount "98"]
[EventDate "2021.04.02"]
[EventType "swiss (blitz)"]
[EventRounds "11"]
[EventCountry "RUS"]
[SourceTitle "CBM 201 Extra"]
[Source "ChessBase"]
[SourceDate "2021.05.31"]
[SourceVersion "1"]
[SourceVersionDate "2021.05.31"]
[SourceQuality "1"]

1. e4 c5 2. Nc3 Nc6 3. g3 g6 4. Bg2 Bg7 5. d3 d6 6. Be3 e5 7. Qd2 Be6 8. Nge2 Nge7 9. Bh6 0-0 10. h4 f5 11. h5 Rf7 12. hxg6 hxg6 13. Bxg7 Rxg7 14. 0-0-0 Qa5 15. Kb1 b5 16. Qh6 Kf7 17. f4 b4 18. Nd5 Bxd5 19. exd5 Nd4 20. Nxd4 exd4 21. Rde1 Re8 22. Re6 Ng8 23. Qh8 Rxe6 24. dxe6+ Kf8 25. b3 Qc7 26. Bd5 Qe7 27. Bc4 a5 28. Kb2 Qf6 29. Rh7 Re7 30. Qxf6+ Nxf6 31. Rh8+ Kg7 32. Rd8 Nh5 33. Rxd6 Nxg3 34. Ra6 Ne2 35. Rxa5 Kf6 36. Rxc5 Nxf4 37. Rb5 g5 38. Rxb4 g4 39. Rb8 g3 40. Rg8 Ng6 41. Bd5 f4 42. a4 Rxe6 43. Bxe6 g2 44. Bf5 Kxf5 45. Rxg6 Kxg6 46. a5 g1Q 47. a6 Qe1 48. a7 Qc3+ 49. Kb1 Qa5 0-1

[Event "Kaspersky op U16"]
[Site "Tornelo INT"]
[Date "2021.04.02"]
[Round "6"]
[White "Zianevich, Uliana"]
[Black "Rudnev, Andrei"]
[Result "0-1"]
[WhiteElo "1142"]
[BlackElo "1606"]
[PlyCount "122"]
[EventDate "2021.04.02"]
[EventType "swiss (blitz)"]
[EventRounds "11"]
[EventCountry "RUS"]
[SourceTitle "CBM 201 Extra"]
[Source "ChessBase"]
[SourceDate "2021.05.31"]
[SourceVersion "1"]
[SourceVersionDate "2021.05.31"]
[SourceQuality "1"]

1. d4 Nf6 2. Bg5 Ne4 3. Bf4 d6 4. f3 Nf6 5. e4 Nbd7 6. Nc3 e5 7. dxe5 dxe5 8. Bg3 Bc5 9. Qd2 c6 10. 0-0-0 Qb6 11. Na4 Be3 12. Nxb6 Bxd2+ 13. Rxd2 axb6 14. a3 0-0 15. Bc4 b5 16. Bd3 b4 17. Ne2 bxa3 18. bxa3 Rxa3 19. Kb2 Ra8 20. Bc4 Re8 21. Bf2 Nf8 22. g4 Be6 23. Bxe6 Rxe6 24. h4 Ree8 25. g5 Nh5 26. Ng3 Nf4 27. Be3 Red8 28. Rhd1 N8e6 29. Rd7 b5 30. R1d2 g6 31. R7d6 Rxd6 32. Rxd6 Rc8 33. Bd2 c5 34. Bc3 Nd4 35. Bxd4 exd4 36. Rb6 b4 37. Nf1 Ng2 38. Nd2 Nxh4 39. f4 Ng2 40. f5 c4 41. Kb1 c3 42. Nb3 gxf5 43. exf5 d3 44. cxd3 Ne3 45. Rxb4 Nxf5 46. Rc4 Rxc4 47. dxc4 Kg7 48. Kc2 Kg6 49. Kxc3 Kxg5 50. c5 Ne7 51. Kc4 h5 52. Nd4 h4 53. Kd3 Kg4 54. Ke3 Kg3 55. Nf5+ Nxf5+ 56. Ke4 Ne7 57. Ke5 h3 58. Kd6 Nc8+ 59. Kd7 h2 60. c6 h1Q 61. c7 Qb7 0-1

[Event "BLR-ch U18"]
[Site "Minsk"]
[Date "2021.02.07"]
[Round "4"]
[White "Strybuk, Artsiom I"]
[Black "Rudnev, Andrei"]
[Result "1-0"]
[WhiteElo "2215"]
[BlackElo "1678"]
[PlyCount "87"]
[EventDate "2021.02.04"]
[EventType "swiss"]
[EventRounds "9"]
[EventCountry "BLR"]
[SourceTitle "EXT 2022"]
[Source "ChessBase"]
[SourceDate "2021.10.06"]
[SourceVersion "1"]
[SourceVersionDate "2021.10.06"]
[SourceQuality "1"]

1. d4 Nf6 2. Nc3 d6 3. e4 e5 4. dxe5 dxe5 5. Qxd8+ Kxd8 6. Bc4 Be6 7. Bxe6 fxe6 8. f3 Bd6 9. Be3 Nbd7 10. Nh3 Ke7 11. Ke2 a6 12. Nf2 b5 13. a4 Rab8 14. axb5 axb5 15. Ra5 b4 16. Nb5 Rb7 17. Nd3 Kf7 18. Rha1 Ng8 19. Nxd6+ cxd6 20. Ra6 Ke7 21. Bd2 b3 22. Bb4 bxc2 23. Bxd6+ Kf7 24. Ra7 Rxa7 25. Rxa7 c1N+ 26. Nxc1 Ngf6 27. Nd3 Rc8 28. Nxe5+ Ke8 29. Nxd7 Nxd7 30. Rc7 Rb8 31. Ba3 Rb3 32. Kd2 h5 33. h4 g6 34. Ra7 Rb5 35. Ke3 g5 36. b4 Nb6 37. Kd4 gxh4 38. Ra5 e5+ 39. Kd3 Rxa5 40. bxa5 Nd7 41. Kc4 Kd8 42. Kd5 Kc8 43. Kc6 Nf6 44. Bd6 1-0

[Event "Wch-ch U10 rapid"]
[Site "Minsk"]
[Date "2019.08.16"]
[Round "2"]
[White "Rudnev, Andrei"]
[Black "Samunenkov, Igor"]
[Result "0-1"]
[WhiteElo "1386"]
[BlackElo "2040"]
[PlyCount "92"]
[EventDate "2019.08.16"]
[EventType "swiss (rapid)"]
[EventRounds "9"]
[EventCountry "BLR"]
[SourceTitle "EXT 2020"]
[Source "ChessBase"]
[SourceDate "2019.10.17"]
[SourceVersion "1"]
[SourceVersionDate "2019.10.17"]
[SourceQuality "1"]

1. e4 c5 2. Nc3 Nc6 3. g3 g6 4. Bg2 Bg7 5. d3 d6 6. Be3 e5 7. Qd2 Nd4 8. Nce2 Ne7 9. c3 Ndc6 10. Bh6 0-0 11. h4 f6 12. Bxg7 Kxg7 13. f4 Bg4 14. Bf3 Qd7 15. h5 Ng8 16. Bxg4 Qxg4 17. Rh4 Qd7 18. Nf3 d5 19. Qe3 d4 20. cxd4 cxd4 21. Qd2 Rac8 22. hxg6 hxg6 23. Kf2 Nge7 24. Rah1 Kf7 25. Rh7+ Ke6 26. fxe5 fxe5 27. Qg5 Kd6 28. R1h6 Qe6 29. Kg2 Qf6 30. Qg4 Qe6 31. Qg5 Rf6 32. Rg7 Rcf8 33. Neg1 Qxa2 34. Kh1 Qxb2 35. Nh4 Qf2 36. Nf5+ Nxf5 37. exf5 Qxf5 38. Qd2 g5 39. Rhh7 R8f7 40. Rxf7 Rxf7 41. Rh5 Rg7 42. Kg2 Qg6 43. Rh8 Rf7 44. Qe2 Nb4 45. Nf3 Nxd3 46. Nd2 Rf2+ 0-1

[Event "EU-ch U10"]
[Site "Bratislava"]
[Date "2019.08.09"]
[Round "8"]
[White "Tabuenca Mendataurigoitia, Daniel"]
[Black "Rudnev, Andrei"]
[Result "1-0"]
[WhiteElo "1757"]
[BlackElo "1607"]
[PlyCount "83"]
[EventDate "2019.08.02"]
[EventType "swiss"]
[EventRounds "9"]
[EventCountry "SVK"]
[SourceTitle "EXT 2020"]
[Source "ChessBase"]
[SourceDate "2019.10.17"]
[SourceVersion "1"]
[SourceVersionDate "2019.10.17"]
[SourceQuality "1"]

1. e4 d6 2. d4 Nf6 3. Nc3 e5 4. Nf3 Nbd7 5. Bc4 Be7 6. 0-0 0-0 7. Re1 c6 8. a4 a5 9. Bg5 Qc7 10. Nh4 h6 11. Ng6 Re8 12. Nxe7+ Rxe7 13. Bh4 g5 14. Bg3 Nf8 15. h4 g4 16. Qd2 Kh7 17. Rad1 Nh5 18. Re3 Ng6 19. Be2 Bd7 20. dxe5 dxe5 21. Rd3 Be6 22. Rd6 Rae8 23. b3 Qb6 24. Kh2 Ngf4 25. Kh1 Qc5 26. Bf1 Bd5 27. Rxd5 cxd5 28. exd5 Rd8 29. d6 Red7 30. Ne4 Qc6 31. Bxf4 exf4 32. Bb5 Qb6 33. Bxd7 Rxd7 34. Qd5 Qc6 35. Qf5+ Kh8 36. Nc5 Rxd6 37. Qe5+ Rf6 38. Qxh5 g3 39. Nd7 f3 40. Nxf6 fxg2+ 41. Kg1 Qxf6 42. fxg3 1-0

[Event "EU-ch U10"]
[Site "Bratislava"]
[Date "2019.08.05"]
[Round "4"]
[White "Rudnev, Andrei"]
[Black "Foldes, Marton Gabor"]
[Result "1-0"]
[WhiteElo "1607"]
[BlackElo "1803"]
[PlyCount "61"]
[EventDate "2019.08.02"]
[EventType "swiss"]
[EventRounds "9"]
[EventCountry "SVK"]
[SourceTitle "EXT 2020"]
[Source "ChessBase"]
[SourceDate "2019.10.17"]
[SourceVersion "1"]
[SourceVersionDate "2019.10.17"]
[SourceQuality "1"]

1. e4 c5 2. Nc3 Nc6 3. g3 g6 4. Bg2 Bg7 5. d3 d6 6. Be3 e6 7. Qd2 Nge7 8. Bh6 0-0 9. h4 Bxh6 10. Qxh6 f6 11. Nge2 Rf7 12. Qd2 e5 13. f4 Bg4 14. Bh3 Qd7 15. Bxg4 Qxg4 16. 0-0-0 Nd4 17. Rdf1 f5 18. h5 fxe4 19. Rh4 Qd7 20. Nxe4 Ndf5 21. Rh2 Raf8 22. Ng5 Nc6 23. hxg6 hxg6 24. Nxf7 Qxf7 25. g4 Ng7 26. b3 Nb4 27. f5 Re8 28. Qh6 Qd7 29. fxg6 Nxa2+ 30. Kb1 Nc3+ 31. Nxc3 1-0

[Event "Wch U10 blitz"]
[Site "Minsk"]
[Date "2018.06.24"]
[Round "4"]
[White "Rudnev, Andrei"]
[Black "Chernyaev, Tihon"]
[Result "0-1"]
[WhiteElo "1255"]
[BlackElo "2084"]
[PlyCount "132"]
[EventDate "2018.06.24"]
[EventType "swiss (blitz)"]
[EventRounds "9"]
[EventCountry "BLR"]
[SourceTitle "EXT 2019"]
[Source "ChessBase"]
[SourceDate "2018.10.10"]
[SourceVersion "1"]
[SourceVersionDate "2018.10.10"]
[SourceQuality "1"]

1. e4 c5 2. Nc3 Nc6 3. g3 e6 4. Bg2 a6 5. d3 d6 6. f4 Nf6 7. Nf3 Be7 8. 0-0 Qc7 9. h3 b5 10. Bd2 Bb7 11. a3 Rc8 12. Ne2 d5 13. e5 Nd7 14. g4 Qb6 15. Kh2 h5 16. g5 g6 17. Nh4 Qc7 18. Ng3 Nd4 19. c3 Nc6 20. Rg1 Nf8 21. Bf1 d4 22. Qc2 Qd7 23. Qd1 Nd8 24. Rc1 Nc6 25. Bg2 Bd8 26. Be4 Ne7 27. Bxb7 Qxb7 28. Ne4 Bc7 29. Nf6+ Kd8 30. cxd4 cxd4 31. Bb4 Nd7 32. Nxd7 Kxd7 33. Rg2 Nd5 34. Bd2 Bb8 35. Rg1 Qb6 36. Qb3 Rc7 37. Rxc7+ Bxc7 38. Rc1 Rc8 39. Qc2 Ne3 40. Bxe3 dxe3 41. Nf3 Qb7 42. Ne1 Qd5 43. b3 Qd4 44. Kg3 e2 45. Qxe2 Bb6 46. Rxc8 Kxc8 47. Qc2+ Kd7 48. Qg2 Qe3+ 49. Kh2 Qxe1 50. Qb7+ Bc7 51. Qf3 Qd2+ 52. Kg3 Qc3 53. Qd1 Qd4 54. Kf3 Bb6 55. Qe2 Qd5+ 56. Kg3 Qxb3 57. Qe4 Qd5 58. Qe2 Qd4 59. Qg2 Qe3+ 60. Kh2 Qxf4+ 61. Kh1 Qc1+ 62. Kh2 Qc7 63. Qe4 Ke7 64. Qf4 Qc2+ 65. Kh1 Qd1+ 66. Kh2 Qg1# 0-1

[Event "EU-ch U08 27th"]
[Site "Mamaia"]
[Date "2017.09.06"]
[Round "2"]
[White "Rudnev, Andrei"]
[Black "Yonal, Timur"]
[Result "1-0"]
[WhiteElo "1174"]
[BlackElo "1437"]
[PlyCount "109"]
[EventDate "2017.09.05"]
[EventType "swiss"]
[EventRounds "9"]
[EventCountry "ROU"]
[SourceTitle "CBM 180 Extra"]
[Source "ChessBase"]
[SourceDate "2017.10.06"]
[SourceVersion "1"]
[SourceVersionDate "2017.10.06"]
[SourceQuality "1"]

1. e4 c6 2. d3 d5 3. Nd2 e5 4. g3 Nf6 5. Bg2 Bg4 6. Ngf3 Bd6 7. 0-0 0-0 8. b3 Nbd7 9. h3 Bh5 10. Re1 Re8 11. Bb2 Qc7 12. Qe2 h6 13. Qf1 Bc5 14. Re2 Rad8 15. Qe1 dxe4 16. Nxe4 Nxe4 17. Rxe4 Bxf3 18. Bxf3 f5 19. Re2 Qb6 20. Kg2 Qc7 21. d4 Bd6 22. Qc3 e4 23. Bh5 Re7 24. Rae1 Nf6 25. Bg6 Qd7 26. Qd2 b6 27. b4 Nd5 28. a3 Qe6 29. Bh5 g6 30. c4 Nc7 31. d5 cxd5 32. Qxh6 gxh5 33. Qh8+ Kf7 34. Qxd8 f4 35. Rd2 fxg3 36. fxg3 e3 37. Rf1+ Kg6 38. Qf8 Be5 39. Bxe5 Qxe5 40. Re2 d4 41. g4 d3 42. gxh5+ Kh7 43. Rf7+ Rxf7 44. Qxf7+ Kh8 45. Re1 d2 46. Rf1 Qd6 47. h6 Qxh6 48. Qd7 e2 49. Qd8+ Kh7 50. Rf7+ Qg7+ 51. Rxg7+ Kxg7 52. Qxc7+ Kg8 53. Qc8+ Kf7 54. Qd7+ Kf8 55. Qxd2 1-0